Visualizzazione normale
Vista MARC
- Diadochus Photicensis,
di Personal Name
Records bibliografici associati: 1
001 - CONTROL NUMBER
- control field: 56970
003 - CONTROL NUMBER IDENTIFIER
- control field:
005 - DATE AND TIME OF LATEST TRANSACTION
- control field: 20180505150735.0
008 - FIXED-LENGTH DATA ELEMENTS
- fixed length control field: 180505|| aca||aabn | a|a d
040 ## - CATALOGING SOURCE
- Original cataloging agency:
- Transcribing agency:
100 ## - HEADING--PERSONAL NAME
- Personal name: Diadochus Photicensis,
- Dates associated with a name: sec. V.
670 ## - SOURCE DATA FOUND
- Source citation: Work cat.: ()0: Diadochus Photicensis, sec. V., Opere spirituali /, 2016.